000 00973am a2200337a 44500
003 AR-BaBNM
005 20251128204242.0
008 055019s1993 #AR|||||||||||000 | esp||
020 _a950-582-031-5
040 _cAR-BaBNM
100 1 _aOliveira Lima, Lauro de
245 1 0 _aMutaciones en educación según Mc Luhan
_n1
250 _a2ª ed.
260 _aBuenos Aires
_bHumanitas
_c1993
300 _a92 p.
_bil., mapas
490 0 _aColección Cosmo Visión
500 _aTraducción de Aníbal Villaverde
650 4 _aTECNICAS DE ENSEÑANZA
650 4 _aDINAMICA DE GRUPO
650 4 _aENSEÑANZA AUDIOVISUAL
650 4 _aEDUCACION PARA EL DESARROLLO
650 4 _aORGANIZACION DE LA EDUCACION
650 4 _aPAISES EN DESARROLLO
650 4 _aPROGRESO TECNOLOGICO
650 4 _aEDUCACION Y DESARROLLO
650 4 _aFUTURO DE LA EDUCACION
650 4 _aTEORIAS DE LA EDUCACION
651 4 _aAmérica Latina
942 _cBK
998 _cEthel
999 _c6722
_d6722